Elden Ring Quiz - Statistiken

Allgemein
  • Dieses Quiz wurde 488 mal gespielt
  • Das Durchschnittsergebnis liegt bei 44 aus 95
Antwortstatistiken
Frage Antwort % Korrekt
Who is responsible for unleashing the Scarlet Rot upon Caelid? Malenia, Blade of Miquella
95%
Who is the mother of Ranni the Witch? Rennala, Queen of the Full Moon
93%
What is the name of the spectral steed given to the Tarnished? Torrent
87%
"I am _______, Blade of Miquella. (This is easy-) Malenia
86%
What is the name of Mohg's twin brother? Morgott
85%
What is the name of the event where the Elden Ring was shattered? The Shattering
84%
Spell it right. Nokstella
83%
Which former Elden Lord is encountered in Crumbling Farum Azula? Dragonlord Placidusax
80%
Which boss resides in the Mohgwyn Palace? Mohg, Lord of Blood
80%
What is the name of the boss in the Volcano Manor? Rykard, Lord of Blasphemy
80%
Who is the final boss of Elden Ring? Elden Beast
77%
What is the name of the boss encountered at the end of Stormveil Castle? Godrick
76%
Which boss is known for using the Blasphemous Blade? Rykard
76%
Who is the Baleful Shadow? Blaidd
75%
What is the name of the huge dragon boss in Crumbling Farum Azula? Dragonlord Placidusax
74%
Who is the blacksmith at the Roundtable Hold? Hewg
70%
Who is the Lord of Frenzied Flame? Midra
69%
Who is the Mother of Fingers? Metyr
68%
Who is the twin of Morgott, the Omen King? Mohg, Lord of Blood
67%
Who stole a fragment of the Rune of Death on the Night of Black Knives? Ranni The Witch
66%
Which area serves as the hub for the Tarnished? Roundtable Hold
64%
Which boss uses gravity magic and is associated with stars? Starscourge Radahn
64%
What is the name of the region plagued by Scarlet Rot? Caelid
63%
Which demigod resides in the Haligtree? Miquella The Kind
62%
"Those stripped of the Grace of Gold... ...shall all meet death."
60%
Which boss is encountered in Leyndell, Royal Capital when it isn't burned? Morgott, The Omen King
58%
Which area is known for its eternal night sky? Nokron
58%
Who is the leader of the Roundtable Hold? Sir Gideon Ofnir, The All-Knowing
58%
What name does Ranni use for introduction? Renna
57%
What's responsible for guiding the Tarnished on their journey? The Guidance of Grace
56%
Which boss fight allows you to summon Iron Fist Alexander for the second time? Fire Giant
54%
Which boss is required for the Frenzied Flame ending? Mohg, The Omen
54%
Which is not an Eternal City? The Four Belfries
54%
What is the name of the boss in the Divine Tower of Caelid? Godskin Apostle
52%
Who runs the Golden Order? Marika
51%
What is the name of the sorcery obtained from Primeval Sorcerer Azur? Comet Azur
49%
What is the name of the only boss encountered in the Lake of Rot? Dragonkin Soldier
49%
Where is the Village of the Albinaurics found? Liurnia of the Lakes
49%
What talisman increases rune acquisition by approximately 20%? Golden Scarab
48%
Which item is used to respec character stats? Larval Tear
48%
Which weapon scales primarily with Arcane and causes blood loss? Rivers of Blood
47%
Which boss is encountered in the Siofra River? Regal Ancestor Spirit
46%
What is the name of the region with perpetual snowfall? Consecrated Snowfield
45%
Who is the NPC that offers hugs at the Roundtable Hold? Fia
45%
Which boss is fought ON the Consecrated Snowfield? Great Wyrm Theodorix
45%
How many Battlemages are in the Haligtree? 2
44%
What is the name of the region that is known as Brace of the Haligtree? Elphael
44%
What is the name of the katana obtained from Bloody Finger Okina? Rivers of Blood
43%
What is the name of the staff that boosts gravity sorceries? Meteorite Staff
42%
Which item allows the player to summon Torrent? Spectral Steed Whistle
42%
Where can the player find the Dragon Communion Altar? Caelid
41%
Who is the boss of the Shaded Castle? Elemer of the Briar
41%
Who is the boss of the Sellia Crystal Tunnel? Fallingstar Beast
41%
Who is the blacksmith in Liurnia? Iiji
39%
What is the name of the realm where the Tarnished begin their journey? Chapel of Anticipation
38%
Which NPC can be found at the Rose Church? White-Face Varre
38%
Which NPC is associated with the questline involving the Haligtree? Millicent
37%
What is the name of the Crucible Knight in the Deeproot Depths? Siluria
37%
Which weapon is known for its weapon art, "Night-and-Flame Stance"? Sword of Night and Flame
37%
How many Academy Glintstone Keys are in Elden Ring? 2
36%
Which weapon is associated with the Crucible Knights? Ordovis' Greatsword
36%
Which area is home to the Albinaurics? Village of the Albinaurics
36%
Who is the sorcerer found in the Waypoint Ruins? Sellen
35%
Which talisman boosts jump attacks? Claw Talisman
33%
Which category has the most spells? (no incants) Glintstone
33%
Which NPC's eyes melt when progressing their quest? Hyetta
33%
Who is the NPC that can be summoned to assist in the fight against Morgott? Melina
33%
Where is the Frenzied Flame Proscription located? Subterranean Shunning Grounds
33%
Which boss is fought in the Grand Cloister? Astel, Naturalborn of the Void
32%
Who is the half-wolf companion of Ranni? Half-Wolf Blaidd
32%
Which area is accessed via the Deep Root Depths? Lichdragon Fortissax's Arena
32%
What is the name of the straightsword that causes sleep buildup? Sword of St. Trina
32%
Which weapon do you get from Placidusax' Rememberance? Dragon King's Cragblade
31%
Under which overworld region is the Lake of Rot located? Liurnia
30%
Who is the NPC that can be summoned to assist in the fight against Radahn? Patches
29%
Who is the spirit tuner found in the Roundtable Hold? Roderika
29%
Where is the Grand Lift of Rold situated? Forbidden Lands
28%
Which Ash of War is obtained by defeating the Godskin Duo? Black Flame Tornado
27%
Where is the Church of Repose located? Mountaintops of the Giants
27%
Which consumable item cures Scarlet Rot? Preserving Boluses
26%
What is the heaviest Colossal Sword? Ruins Greatsword
26%
Where is the Cathedral of Manus Celes located? Moonlight Altar
23%
Which NPC is found in the Church of Vows? Miriel
22%
Which talisman restores HP upon defeating enemies? Taker's Cameon
22%
Which NPC is encountered in the Siofra River and is associated with a festival? Blaidd
21%
What is the name of the armor set worn by Blaidd? Blaidd's Set
21%
Where can the player find the Hermit Village? Mt. Gelmir, southeast of the volcano
21%
What is the name of the shield with the highest magic damage negation? Silver Mirrorshield
21%
Where is the Abandoned Cave located? Dragonbarrow
20%
Who is the merchant found in the Weeping Peninsula? Isolated Merchant
20%
Which NPC is associated with the questline involving the Dung Eater? Blackguard Big Boggart
19%
Where is the Divine Tower of East Altus situated? Capital Outskirts
18%
Which NPC seeks to become a knight and can be found in Limgrave? Kenneth Haight
13%
Which sealed area is accessed after defeating Morgott? Room of the Three Fingers
6%
How many ruins have illusory walls? 1
5%
Keine übereinstimmenden Quizze gefunden
Verteilung der Resultate
Anzahl Personen mit jedem Resultat
Perzentil nach korrekt beantworteten Fragen
Ihre Resultats-Entwicklung
Sie haben dieses Quiz noch nicht gespielt